Szakszervezeti küldöttgyűlés a szalámigyárban

Elmentve itt :
Bibliográfiai részletek
Dokumentumtípus: Cikk
Megjelent: 1967-02-24
Sorozat:Délmagyarország 57 No. 47
Kulcsszavak:Csikós Mihály, Kiss Dénes, Iványi László, Bálint László, Várallyai Rezső, Mocsai Pál, Iványi László, Tanácsválasztás szakszervezeti Szeged 1967, szalámigyár, szakszervezetek
Online Access:http://dmarchiv.bibl.u-szeged.hu/65739
LEADER 00599nab a2200145 i 4500
001 delm65739
005 20180927151325.0
008 180927s1967 hu o 0|| hun d
040 |a SZTE Délmagyarország Archívum  |b hun 
041 |a hun 
245 0 0 |a Szakszervezeti küldöttgyűlés a szalámigyárban  |h [elektronikus dokumentum] 
260 |c 1967-02-24 
300 |a 3 
490 0 |a Délmagyarország  |v 57 No. 47 
695 |a Csikós Mihály, Kiss Dénes, Iványi László, Bálint László, Várallyai Rezső, Mocsai Pál, Iványi László, Tanácsválasztás szakszervezeti Szeged 1967, szalámigyár, szakszervezetek